|
|
|
|
| LEADER |
00000nab a2200000 a 4500 |
| 001 |
vtls010041778 |
| 003 |
SK-MaSNL |
| 005 |
20260304154710.0 |
| 008 |
250507c1973 xo m p 0 slo |
| 015 |
|
|
|a SNBRB2010/01
|2 snkbucl
|
| 035 |
|
|
|a (uuid)b0b3d4b2-7092-4cc1-953a-b9eef9c57d30
|
| 035 |
|
|
|a urn:nbn:sk:snk-abc5jk
|
| 035 |
|
|
|a (urnnbn)urn:nbn:sk:snk:ar-004bx0
|
| 040 |
|
|
|a SNKBUCL
|b slo
|c SNKBUCL
|e AACR2
|
| 041 |
0 |
|
|a slo
|
| 044 |
|
|
|a xo
|c SK
|
| 080 |
|
|
|a 023.4/.5
|x (47)
|2 1991
|
| 100 |
1 |
|
|a Zazerskij, E.Ja.
|4 aut
|9 1479640
|
| 245 |
1 |
0 |
|a Problémy odbornej prípravy knihovníkov v ZSSR
|c E.Ja. Zazerskij
|
| 650 |
0 |
7 |
|a knihovnícke vzdelávanie
|2 snkbucl
|9 99254
|
| 651 |
|
7 |
|a Sovietsky zväz
|2 snkbucl
|9 22126
|
| 773 |
0 |
|
|t Knižnice a vedecké informácie
|g Roč. 5, č. 1 (1973), s. 12-20
|
| 850 |
|
|
|a Slovenská národná knižnica
|
| 852 |
|
|
|a Slovenská národná knižnica
|
| 954 |
|
|
|a odborná, vedecká literatúra pôvodná (slovenská)
|2 lita
|
| 958 |
|
|
|a article15
|
| 958 |
|
|
|a OND
|
| 958 |
|
|
|a KL
|
| 958 |
|
|
|a EUIPO
|
| 999 |
|
|
|c 2958906
|d 2960836
|